| 000 | 01934nam a22004094a 4500 | ||
|---|---|---|---|
| 001 | 198001 | ||
| 003 | ES-MaACL | ||
| 005 | 20260211063015.0 | ||
| 007 | ta | ||
| 008 | 251205s2025 sp a|||| |||| 001 0 spa d | ||
| 017 |
_aZ 996-2025 _bOficina Depósito Legal Zaragoza |
||
| 020 |
_a978-84-1340-993-1 _q(o.c.) |
||
| 020 |
_a978-84-1340-995-5 _q(t.1) |
||
| 040 |
_bspa _cES-MaACL _aES-MaACL _erda |
||
| 080 | _a929 Gimeno de Flaquer, Concepción | ||
| 080 | _a323.23-055.2"18" | ||
| 100 | 1 |
_957089 _aGimeno de Flaquer, Concepción, _d1850-1919 _4aut _eaut |
|
| 245 | 1 | 0 |
_aObras completas. _nI, _pLibros de ensayo (1877-1899) / _cConcepción Gimeno de Flaquer ; edición, introducción y notas de Antonio Francisco Pedrós-Gascón |
| 250 | _a1ª edición, 2025 | ||
| 264 | 1 |
_aZaragoza : _bPrensas de la Universidad de Zaragoza : _bGobierno de Aragón ; _aHuesca : _bInstituto de Estudios Altoaragoneses ; _aTeruel : _bInstituto de Estudios Turolenses, _c2025 |
|
| 264 | 4 | _a©2025 | |
| 300 |
_aCLXXI, 557 páginas : _bilustraciones (blanco y negro) ; _c24 cm |
||
| 336 |
_2rdacontent _atexto |
||
| 337 |
_2rdamedia _asin mediación |
||
| 338 |
_2rdacarrier _avolumen |
||
| 490 | 0 |
_aLarumbe. Textos Aragoneses ; _v112 |
|
| 500 | _aEjemplar firmado y dedicado por el editor | ||
| 504 | _aBibliografía: páginas 527 (sin numerar) -547. Índices | ||
| 600 | 1 | 4 |
_957089 _aGimeno de Flaquer, Concepción, _d1850-1919 |
| 650 | 7 |
_9166950 _aFeminismo- _zEspaña- _yS.XIX |
|
| 700 | 1 |
_aPedrós-Gascón, Antonio Francisco _epbl _9242773 _4edt |
|
| 852 |
_aES-MaACL _cDEPO1 _jA-15903 _gDedicatoria autógrafa del editor _hDonación : Antonio Francisco Pedrós-Gascón _xEncuadernación rústica con solapas _9207036 |
||
| 942 |
_cMONOGRAFIA _n0 |
||
| 999 |
_c198001 _d198001 |
||